Directorio regional de unidades de información para el desarrollo
Guardado en:
| Institution som forfatter: | |
|---|---|
| Format: | Texto |
| Udgivet: |
Santiago de Chile:
CEPAL. CLADES
|
| Tags: |
Tilføj Tag
Ingen Tags, Vær først til at tagge denne postø!
|
MARC
| LEADER | 00000 a a2200000 04500 | ||
|---|---|---|---|
| 001 | 22222 | ||
| 003 | |||
| 040 | |||
| 090 | |a 150700 | ||
| 110 | |a CEPAL. CLADES | ||
| 245 | |a Directorio regional de unidades de información para el desarrollo | ||
| 260 | |a Santiago de Chile: |b CEPAL. CLADES | ||
| 300 | |a 169 p.; vol. III | ||
| 999 | |c 14524 |d 14524 | ||
